| 000 | 00801cam a22002777a 4500 | ||
|---|---|---|---|
| 003 | CHAP | ||
| 005 | 20220329141001.0 | ||
| 008 | 971013s1948 r 00010 d | ||
| 010 | _a60901 | ||
| 011 | _a61873 | ||
| 035 | _a66041 | ||
| 040 | _cCHAP | ||
| 082 |
_a635 _bT35Y 1948 |
||
| 100 | 0 | 0 |
_aTamaro, Domenico. _9111518 |
| 245 | 0 | _aManual de horticultura | |
| 260 |
_aBarcelona : _bGili, _c1948. |
||
| 300 |
_a589 p. _b: ilus. |
||
| 500 | _aTrad. de la 8 ed. en italiano de 1948? | ||
| 590 |
_aBATCH-UPD _b10 _c20130110 _lUCH01 _h0302 |
||
| 590 |
_aBATCH-UPD _b10 _c20130110 _lUCH01 _h1751 |
||
| 590 |
_aCONVERSION _b10 _c20130109 _lUCH01 _h1333 |
||
| 650 | 1 | 4 |
_aHorticultura. _956291 |
| 901 | _aBK | ||
| 942 | _cLIBRO | ||
| 949 |
_a635 T35Y 1948 _bBC _cLIBRO _d33724000669313 _eLIBRO _h48349 _i66041 _si |
||
| 999 |
_c60901 _d60901 |
||